New Materials Reflecting the Statement of Cash Flows (SFAS No.95) Update for Working Papers 2. Chapters 14-28 to accompany Fundamental Accounting Principles

Gespeichert in:
Bibliographische Detailangaben
1. Verfasser: Larson, Kermit D.
Weitere Verfasser: Pyle, William W.
Format: Buch
Sprache:Englisch
Veröffentlicht: Homewood Irwin 1987
Ausgabe:11. ed.
Schlagworte:
Tags: Tag hinzufügen
Keine Tags, Fügen Sie das erste Tag hinzu!

MARC

LEADER 00000nam a2200000 4500
001 c000454
005 20221219121144.9
020 |a 0-256-03584-9 
041 0 |a eng 
044 |a US 
245 1 0 |a New Materials Reflecting the Statement of Cash Flows (SFAS No.95)  |b Update for Working Papers 2. Chapters 14-28 to accompany Fundamental Accounting Principles  |c Kermit D. Larson, William W. Pyle 
250 |a 11. ed. 
264 1 |a Homewood  |b Irwin  |c 1987 
300 |a 199 s. 
610 2 0 |a výkazy účtovné 
610 2 0 |a účtovníctvo základné 
610 2 0 |a financie podnikové 
610 2 0 |a účty 
610 2 0 |a peniaze 
100 1 |a Larson, Kermit D. 
700 1 |a Pyle, William W.